000 00793nam a22002657a 4500
001 57871
003 DO-SdBNP
005 20180118105610.0
007 57871
008 891107s1987 sp spa
016 7 _2BPMSU
020 _a8434586320
040 _aBPMSU
_bspa
_cBPMSU
100 1 _aKorschunow, Irina
245 1 3 _aEl caso de Cristof /
_cIrina Korschunow ; traducción de Mario García Aldonate
260 1 _aBarcelona :
_bSalvat,
_c1987
300 _a126 p. :
_c22 cm.
490 1 _aBiblioteca juvenil
_v52
500 _aTraducción de: Die Sache mit Christoph
700 1 _aGarcía, Mario
_d1936-
_4tr.
830 0 _aBiblioteca juvenil (Salvat Editores)
_v52
942 _2ddc
_cBK
945 _aInventariado, 2018/MFF
956 _aVMATEO
_210
_320151120
_6BPMSU
_800151
999 _c8849
_d8849